| 000 | 00420 a2200157 4500 | ||
|---|---|---|---|
| 005 | 20250628084227.0 | ||
| 020 | _a0-395-92629-7 | ||
| 082 | _a657.48 NEE | ||
| 100 | _aNEEDLES, B. | ||
| 245 | _aPrinciples of Financial Accounting | ||
| 250 | _a7th Ed. | ||
| 260 |
_aNew York, _bHoughton Mifflin Company, _c1999. |
||
| 300 |
_axxi, 1204p.; ill,; picture _bIndex _c27cm |
||
| 700 | _aPOWERS, M. et al ... | ||
| 942 |
_2ddc _cBKS |
||
| 999 |
_c5905 _d5905 |
||